Canadian Telecommunications Law

Detalles Bibliográficos
Autor principal: Howell, Robert G.
Formato: eBook
Lenguaje:inglés
Publicado: Toronto: Irwin Law Inc., 2011
Materias:
Acceso en línea:Acceso restringido

MARC

LEADER 00000nam a22000007a 4500
005 20210908222227.0
007 cr|||| ||||
008 210908s2011 ca |||||s|||| 00||0 eng d
020 |a 9781552211922 
035 |a 35376 
040 |a vLex 
090 |c 12340  |d 12340 
100 1 |a Howell, Robert G. 
245 1 0 |a Canadian Telecommunications Law  |h [Recurso electrn̤ico] /  |c Robert G. Howell 
256 |a Servicio en ln̕ea 
260 |a Toronto:  |b Irwin Law Inc.,  |c 2011 
300 |a 1 recurso electrn̤ico 
500 |a The area of telecommunications law historically meant the administration and regulation of telecommunications (telegraph and telephone) and broadcasting (radio, television, and cable) under the control of the CRTC and its predecessor agencies. Deregulation brought about immense changes, and since then the media themselves have changed and with them the regulatory focused subject area. Traditional media – telephone (wired and wireless), radio, television, cable, and DTH satellite communications – remain core components, even as they integrate and converge with other media in the milieu of digitization. Yet the nature and breadth of digitization has juxtaposed other areas of law and imbued them with substantial significance and relevance to telecommunications as a whole. This trend is reflected in this important new book by one of Canada’s leading specialists in the field. 
506 1 |a Disponible solo en los productos indicados  |d vLex Global  |d vLex Global (Academic Edition, excluding Law Schools)  |d vLex Global (U.S. Academic Edition, Law Schools)  |d vLex Global (U.S. Academic Edition, excluding Law Schools)  |d vLex Global (Academic Edition, Law Schools) 
650 0 4 |a Telecomunicaciones  |z Canad̀ 
740 0 |a vLex Libros (Servicio en ln̕ea) 
856 4 0 |u https://app.vlex.com/#/sources/35376  |z Acceso restringido 
942 |c BOOK 
999 0 |a Telecommunications